Body proxy / (Record no. 34)

MARC details
000 -LEADER
campo de control de longitud fija 01656cam a2200409Ia 4500
001 - NÚMERO DE CONTROL
campo de control 5434099
003 - IDENTIFICADOR DE NÚMERO DE CONTROL
campo de control KFFJRJFN
005 - FECHA Y HORA DE LA ÚLTIMA TRANSACCIÓN
campo de control 20220326193246.0
008 - DATOS DE LONGITUD FIJA--INFORMACIÓN GENERAL
campo de control de longitud fija 050513s2004 sz af bc 000 0 ger d
016 7# - NÚMERO DE CONTROL DE UNA AGENCIA BIBLIOGRÁFICA NACIONAL
Número de control del registro 971576734
Fuente GyFmDB
020 ## - NÚMERO INTERNACIONAL ESTÁNDAR DEL LIBRO
Número Internacional Estándar del Libro 2940271526
035 ## - NÚMERO DE CONTROL DEL SISTEMA
Número de control de sistema (OCoLC)ocm60375150
035 ## - NÚMERO DE CONTROL DEL SISTEMA
Número de control de sistema (NNC)5434099
040 ## - FUENTE DE CATALOGACIÓN
Centro catalogador/agencia de origen OHX
Centro/agencia transcriptor OHX
Centro/agencia modificador BAKER
-- ZCU
041 1# - CÓDIGO DE IDIOMA
Código de lengua del texto/banda sonora o título independiente ger
-- eng
Código de lengua original ita
072 #7 - CÓDIGO DE CATEGORÍA DE MATERIA
Código de categoría de materia N
Fuente lcco
082 ## - NÚMERO DE LA CLASIFICACIÓN DECIMAL DEWEY
Número de clasificación 704
Número de ítem C287b
100 ## - ENTRADA PRINCIPAL--NOMBRE DE PERSONA
Nombre de persona Carmine, Giovanni y Jeane, Norma
9 (RLIN) 213
245 00 - MENCIÓN DEL TÍTULO
Título Body proxy /
Mención de responsabilidad, etc. herausgegeben von Giovanni Carmine & Norma Jean ; [Autoren der Originaltexte: Giovanni Carmine, Alessandra Galasso].
246 14 - FORMA VARIANTE DEL TITULO
Título propio/Titulo breve Norma Jeane body proxy
260 ## - PUBLICACIÓN, DISTRIBUCIÓN, ETC.
Lugar de publicación, distribución, etc. Zürich :
Nombre del editor, distribuidor, etc. JRP-Ringier,
Fecha de publicación, distribución, etc. c2004.
300 ## - DESCRIPCIÓN FÍSICA
Extensión 191 p., 8 folded leaves of plates :
Otras características físicas col. ill. ;
Dimensiones 24 cm.
500 ## - NOTA GENERAL
Nota general Issued in conjunction with the exhibition ""Norma Jeane - Body Proxy" held 1. May-20. June 2004, Helmhaus Zürich ; January February 2005, SI, Swiss Institute - Contemporary Art, New York ; April - May 2005, Kunstverein Freiburg.
500 ## - NOTA GENERAL
Nota general Norma Jeane is a "group of collaborators working under a single name". Cf. Swiss Institute Website.
504 ## - NOTA DE BIBLIOGRAFÍA, ETC.
Nota de bibliografía, etc. Includes bibliographical references.
610 20 - PUNTO DE ACCESO ADICIONAL DE MATERIA--NOMBRE DE ENTIDAD CORPORATIVA
Nombre de entidad corporativa o nombre de jurisdicción como elemento de entrada Norma Jeane (Group)
Subdivisión de forma Exhibitions.
9 (RLIN) 214
650 ## - PUNTO DE ACCESO ADICIONAL DE MATERIA--TÉRMINO DE MATERIA
Subdivisión general arte moderno
-- instalaciones
9 (RLIN) 215
700 1# - ENTRADA AGREGADA--NOMBRE PERSONAL
Nombre de persona Carmine, Giovanni.
9 (RLIN) 216
700 1# - ENTRADA AGREGADA--NOMBRE PERSONAL
Nombre de persona Galasso, Alessandra.
9 (RLIN) 217
710 2# - ENTRADA AGREGADA--NOMBRE DE ENTIDAD CORPORATIVA
Nombre de entidad corporativa o nombre de jurisdicción como elemento de entrada Norma Jeane (Group)
9 (RLIN) 218
710 2# - ENTRADA AGREGADA--NOMBRE DE ENTIDAD CORPORATIVA
Nombre de entidad corporativa o nombre de jurisdicción como elemento de entrada Helmhaus Zürich.
9 (RLIN) 219
710 2# - ENTRADA AGREGADA--NOMBRE DE ENTIDAD CORPORATIVA
Nombre de entidad corporativa o nombre de jurisdicción como elemento de entrada Swiss Institute (New York, N.Y.)
9 (RLIN) 220
710 2# - ENTRADA AGREGADA--NOMBRE DE ENTIDAD CORPORATIVA
Nombre de entidad corporativa o nombre de jurisdicción como elemento de entrada Kunstverein Freiburg.
9 (RLIN) 221
948 0# - PROCESAMIENTO DE INFORMACIÓN LOCAL (OCLC); DESIGNADOR DE PARTE DE LA SERIE (RLIN)
Designador de la parte de la serie, SPT (RLIN) 20051020
b (OCLC) x
c (OCLC) fra1
d (OCLC) SCMC
948 1# - PROCESAMIENTO DE INFORMACIÓN LOCAL (OCLC); DESIGNADOR DE PARTE DE LA SERIE (RLIN)
Designador de la parte de la serie, SPT (RLIN) 20051020
b (OCLC) o
c (OCLC) cep2
d (OCLC) SCMC
Holdings
Estatus retirado Estado de pérdida Fuente del sistema de clasificación o colocación Estado de daño No para préstamo Biblioteca de origen Biblioteca actual Ubicación en estantería Fecha de adquisición Total de préstamos Signatura topográfica completa Código de barras Visto por última vez Precio de reemplazo Tipo de ítem Koha
    Clasificación Decimal Dewey     Biblioteca LadoV Biblioteca LadoV   29/03/2014   704 C287b 000065 29/03/2014 29/03/2014 Material 01